00000000cam 2200000zi 4500
0019.960600
003CaOODSP
00520260605131613
006m     o  d f      
007cr mn|||||||||
008260304e202606##oncd    ob   f000 0 fre d
020 |a9780660987842 |q(déclaration)
020 |a9780660987859 |q(résumé)
040 |aCaOODSP|bfre|erda|cCaOODSP
043 |an-cn---
0861 |aHP40-376/2026F-PDF
0861 |aHP40-376/2026-1F-PDF
24500|aDirectives sur l’utilisation des vaccins contre la COVID-19 à partir de l’automne 2026.
264 1|aOttawa (Ontario) : |bAgence de la santé publique du Canada = Public Health Agency of Canada, |cjuin 2026.
264 4|c©2026
300 |a1 ressource en ligne (30 pages) : |bgraphiques + |esommaire (5 pages)
336 |atexte|btxt|2rdacontent/fre
337 |ainformatique|bc|2rdamedia/fre
338 |aressource en ligne|bcr|2rdacarrier/fre
500 |aPublié aussi en anglais sous le titre : Guidance on the use of COVID-19 vaccines for fall 2026 to summer 2027.
500 |aSur la couverture : Une déclaration du comité consultatif (DCC), Comité consultatif national de l'immunisation (CCNI).
500 |a« Pub. : 250488.» -- Page 2.
500 |a« Pub. : 250490. » -- Page 2 (résumé).
500 |aRésumé seul en HTML.
504 |aComprend des références bibliographiques.
650 6|aVaccins contre la COVID-19|xPolitique gouvernementale|zCanada.
650 6|aCOVID-19|xVaccination|xPolitique gouvernementale|zCanada.
7102 |aAgence de santé publique du Canada, |eorganisme de publication.
7101 |aCanada. |bComité consultatif national de l'immunisation, |eorganisme de publication.
77508|tGuidance on the use of COVID-19 vaccines starting fall 2026.|w(CaOODSP)9.960599
795 |tDirectives sur l'utilisation des vaccins contre la COVID-19 pour la période allant de 2025 à l'été 2026.|w(CaOODSP)9.946290
85640|qPDF|s817 Ko|uhttps://publications.gc.ca/collections/collection_2026/aspc-phac/HP40-376-2026-fra.pdf|z(déclaration)
85640|qPDF|s387 Ko|uhttps://publications.gc.ca/collections/collection_2026/aspc-phac/HP40-376-2026-1-fra.pdf|z(résumé)
8564 |qHTML|sS.O.|uhttps://canada-preview.adobecqms.net/fr/sante-publique/services/publications/vaccins-immunisation/comite-consultatif-national-immunisation-resume-directives-vaccins-contre-covid-19-periode-partir-automne-2026.html|z(résumé)